000 00395nam a2200145 i 4500
001 56361
003 ES-MaACL
007 t|
008 031008s1928 bo ||||1| spa d
100 1 _aDíez de Medina, Fernando.
_944710
245 1 3 _aLa clara senda
_b: poemas /
_cFernando Díez de Medina.
260 _aLa Paz :
_bLópez,
_c1928.
300 _a108 p. ;
_c18 cm.
852 _aES-MaACL
_jG-13902
999 _c56361
_d56361